Szczegóły MARC21

Punktacja sprawności fizycznej młodzieży polskiej wg Międzynarodowego Testu Sprawności Fizycznej ; Kryteria pomiaru wydolności organizmu testem Coopera = Phisical fitness score tables of Polish youth ; Criteria for measuring aerobic capacity by the Cooper test /

003 -Nazwa inst., której nr kontr. jest w polu 001 [,]
    • @
    • Nazwa instytucji, której n kontrolny jest w polu 001
    • NUKAT
005 -DATA I CZAS OSTATNIEJ MODYFIKACJI [,]
    • @
    • pole kontrolne
    • 20241231115214.0
020 -Międzynarod. znormalizowany nr książki - ISBN [ , ]
    • a
    • Numer ISBN
    • 8387210447 Find
040 -Instytucja sporządzająca opis [ , ]
    • a
    • Instytucja, która sporządziła opis (NP)
    • SZCZ U/KP
    • b
    • Język katalogowania
    • pol
    • e
    • Zasady katalogowania
    • rda
    • c
    • Instytucja, która sporządziła rekord (NP)
    • SZCZ U/KPs
041 -Język dokumentu [1, ]
    • a
    • Język tekstu (P)
    • polski
    • a
    • Język tekstu (P)
    • angielski
    • h
    • Język tekstu oryginalnego i/lub pośredniego (P)
    • polski
942 -Rodzaj dokumentu [ , ]
    • c
    • Rodzaj dokumentu
    • Książka
245 -Strefa tytułu i oznaczenia odpowiedzialności [0,0]
    • a
    • Tytuł
    • Punktacja sprawności fizycznej młodzieży polskiej wg Międzynarodowego Testu Sprawności Fizycznej ; Find
    • b
    • Ciąg dalszy tytułu (NP)
    • Kryteria pomiaru wydolności organizmu testem Coopera = Phisical fitness score tables of Polish youth ; Criteria for measuring aerobic capacity by the Cooper test / Find
    • c
    • Pozostałe elementy strefy tytułu i oznaczenia odpowiedzialności (NP)
    • Stefan Pilicz, Ryszard Przewęda, Janusz Dobosz, Sylwia Nowacka-Dobosz ; Akademia Wychowania Fizycznego Józefa Piłsudskiego.
246 -Wariant tytułu [3,1]
    • a
    • Tytuł (NP)
    • Physical fitness score tables of Polish youth
246 -Wariant tytułu [3,1]
    • a
    • Tytuł (NP)
    • Criteria for measuring aerobic capacity by the Cooper test
260 -Strefa adresu wydawniczego [ , ]
    • a
    • Miejsce wydania (P)
    • Warszawa :
    • b
    • Nazwa wydawcy (P)
    • Wydawnictwo AWF,
    • c
    • Data wydania (P)
    • 2004.
300 -Strefa opisu fizycznego [ , ]
    • a
    • Określenie formy książki i/lub objętość (NP)
    • 137 stron :
    • b
    • Oznaczenie ilustracji (NP)
    • ilustracje ;
    • c
    • Format (NP)
    • 24 cm.
336 -Typ zawartości [ , ]
    • a
    • Termin opisujący typ zawartości
    • Tekst
    • b
    • Kod określający zawartość
    • txt
    • 2
    • Źródło (terminu i kodu)
    • rdacontent
337 -Typ mediów [ , ]
    • a
    • Tryb odtwarzania
    • Bez urządzenia pośredniczącego
    • b
    • Kod typu mediów
    • n
    • 2
    • Źródło (terminu i kodu)
    • rdamedia
338 -Typ/rodzaj nośnika [ , ]
    • a
    • Hasło opisujące typ nośnika
    • Wolumin
    • b
    • Kod typu nośnika
    • nc
    • 2
    • Źródło (terminu i kodu)
    • rdacarrier
490 -Strefa serii i książki wielotomowej - forma nie do wyszukiwania [1, ]
    • a
    • Tytuł (P)
    • Studia i Monografie / Akademia Wychowania Fizycznego Józefa Piłsudskiego w Warszawie ; Find
    • v
    • Numeracja (P)
    • nr 94
830 -Hasło dodatkowe serii i opisu książki wielotomowej - tytuł ujednolicony/tytuł [ ,0]
    • a
    • Tytuł ujednolicony/tytuł (NP)
    • Studia i Monografie - Akademia Wychowania Fizycznego Józefa Piłsudskiego
    • v
    • Oznaczenie tomu (NP)
    • nr 94
    • 9
    • KHW
    • 46858
500 -Uwaga ogólna [ , ]
    • a
    • Uwaga ogólna (NP)
    • Głównie tablice.
504 -Uwaga dot. bibliogr. załącznikowej [ , ]
    • a
    • Uwaga dot. bibliografii załącznikowej
    • Bibliografia na stronie 135.
536 -Uwaga dot. finansowania książki [ , ]
    • a
    • Tekst uwagi
    • Badania finansowane przez KBN PBZ-002-15
546 -Uwaga dot. języka [ , ]
    • a
    • Uwaga dot. języka
    • Tekst częściowo równolegle polski i angielski, tłumaczenie z języka polskiego.
080 -Uniwersalna Klasyfikacja Dziesiętna [ , ]
    • a
    • Symbol klasyfikacji
    • 796
    • 9
    • UKD
    • 6274
    • 2
    • Identyfikator wydania tablic
    • UDC-P058
    • b
    • Dopowiedzenie
    • Kultura fizyczna. Sport. Gimnastyka.
080 -Uniwersalna Klasyfikacja Dziesiętna [ , ]
    • a
    • Symbol klasyfikacji
    • :612.6-057.874(438)"1989/..."(083.41)
650 -Hasło przedmiotowe [ ,7]
    • a
    • Hasło przedmiotowe
    • Kondycja fizyczna
    • x
    • Określnik rzeczowy
    • testy.
    • 2
    • Źródło terminu
    • kaba
    • 9
    • KHW
    • 114985
650 -Hasło przedmiotowe [ ,7]
    • a
    • Hasło przedmiotowe
    • Motoryka u dzieci
    • x
    • Określnik rzeczowy
    • pomiar.
    • 2
    • Źródło terminu
    • kaba
    • 9
    • KHW
    • 380717
980 -Symbol UKD [ , ]
    • a
    • UKD
    • 796:612.6]-057.874(438)"1989/..."(083.41)
700 -Hasło dodatkowe - nazwa osobowa [1, ]
    • a
    • Nazwa osobowa (NP)
    • Pilicz, Stefan Find
    • d
    • Daty biograficzne (NP)
    • (1920-2009).
    • e
    • Określenie rodzaju współpracy
    • Redakcja
    • 9
    • KHW
    • 40675
700 -Hasło dodatkowe - nazwa osobowa [1, ]
    • a
    • Nazwa osobowa (NP)
    • Przewęda, Ryszard Find
    • d
    • Daty biograficzne (NP)
    • (1926-2022).
    • e
    • Określenie rodzaju współpracy
    • Redakcja
    • 9
    • KHW
    • 40702
700 -Hasło dodatkowe - nazwa osobowa [1, ]
    • a
    • Nazwa osobowa (NP)
    • Nowacka-Dobosz, Sylwia. Find
    • e
    • Określenie rodzaju współpracy
    • Redakcja
    • 9
    • KHW
    • 503956
710 -Hasło dodatkowe - nazwa ciała zbiorowego [2, ]
    • a
    • Nazwa ciała zbiorowego lub nazwa geograficzna jako pierwszy element (NP)
    • Akademia Wychowania Fizycznego Józefa Piłsudskiego (Warszawa).
    • b
    • Nazwa jednostki podrzędnej (P)
    • Dział Nauki i Wydawnictw.
    • e
    • Rodzaj współpracy
    • Wydawca
    • 4
    • Kod relacji
    • pbl
    • 9
    • KHW
    • 78283
740 -Hasło dodatkowe - tytuł [0,2]
    • a
    • Tytuł
    • Kryteria pomiaru wydolności organizmu testem Coopera
920 -ISBN [ , ]
    • a
    • ISBN
    • 83-87210-44-7 Find
Numer inwentarzowy Lokalizacja Status udost. Sygnatura Data inwentaryzacji
WF.7749BM1Antropomotoryka 242005-11-30
WF.10478BM-3 2019-07-08